Statistics for Top 10 Goal scorers Dutch national team

Click here to take the quiz!

General Stats

  • This quiz has been taken 70 times
  • The average score is 6 of 10

Answer Stats

GoalsAnswer% Correct
50Robin Van Persie
95%
30Arjen Robben
92%
42Klaas-Jan Huntelaar
73%
35Ruud van Nistelrooy
73%
30Wesley Sneijder
71%
37Dennis Bergkamp
65%
40Patrick Kluivert
64%
33Johan Cruyff
56%
33Abe Lenstra
15%
35Faas Wilkes
12%

Score Distribution

Percentile by Number Answered

Percent of People with Each Score

Your Score History

You have not taken this quiz